[Event "Titled Tuesday intern op 19th Dec Early"]
[Site "Chess.com INT"]
[Date "2023.12.19"]
[Round "2"]
[White "Graca, Robert"]
[Black "Pranav, V."]
[Result "0-1"]
[WhiteElo "2270"]
[BlackElo "2611"]
[PlyCount "84"]
[EventDate "2023.12.19"]
[EventType "swiss (blitz)"]
[EventRounds "11"]
[EventCountry "USA"]
[SourceTitle "CB52_2023"]
[SourceDate "2023.12.27"]
[SourceVersion "1"]
[SourceVersionDate "2023.12.27"]
[SourceQuality "1"]

1. Nf3 d5 2. d4 c5 3. c4 e6 4. cxd5 exd5 5. Nc3 Nf6 6. g3 Nc6 7. Bg2 Be7 8. 0-0 0-0 9. Bg5 c4 10. Ne5 Be6 11. b3 h6 12. Nxc6 bxc6 13. Bd2 cxb3 14. axb3 Qd7 15. Re1 Rfe8 16. Rc1 Bh3 17. Bh1 Ba3 18. Ra1 Bd6 19. Rc1 Qf5 20. Na4 Rac8 21. Nc5 Bxc5 22. dxc5 Ne4 23. Be3 Rb8 24. Bd4 a5 25. Qd3 Qe6 26. Ra1 Rb5 27. Rec1 Bf5 28. Qe3 Qd7 29. Qf3 Ng5 30. Qc3 Rxe2 31. Kf1 Qe6 32. Bxg7 Bh3+ 33. Kg1 Bg4 34. Bd4 Rb4 35. Be3 d4 36. Bxd4 Nh3+ 37. Kf1 Qf5 38. f4 Rxh2 39. Bxc6 Nxf4 40. gxf4 Qxf4+ 41. Kg1 Rxd4 42. Rxa5 Qf2# 0-1

[Event "Titled Tuesday intern op 19th Dec Early"]
[Site "Chess.com INT"]
[Date "2023.12.19"]
[Round "6"]
[White "Mazurkiewicz, Michal"]
[Black "Graca, Robert"]
[Result "1-0"]
[WhiteElo "2145"]
[BlackElo "2270"]
[PlyCount "79"]
[EventDate "2023.12.19"]
[EventType "swiss (blitz)"]
[EventRounds "11"]
[EventCountry "USA"]
[SourceTitle "CB52_2023"]
[SourceDate "2023.12.27"]
[SourceVersion "1"]
[SourceVersionDate "2023.12.27"]
[SourceQuality "1"]

1. e4 c5 2. Nf3 d6 3. g3 Nf6 4. d3 g6 5. Bg2 Bg7 6. 0-0 0-0 7. Re1 Nc6 8. e5 dxe5 9. Nxe5 Nxe5 10. Rxe5 Qc7 11. Bf4 Qb6 12. Nc3 Qxb2 13. Rxc5 Nd7 14. Rc7 e5 15. Be3 Qa3 16. Nb5 Qa5 17. c4 a6 18. Bd2 Qb6 19. Be3 Qf6 20. Nc3 Qd6 21. Nd5 Nf6 22. Bc5 Qd8 23. Be7 Qe8 24. Nxf6+ Bxf6 25. Bxf6 Qe6 26. Be7 Re8 27. Bd5 Qb6 28. Qf3 Be6 29. Rxb7 Qd4 30. Rf1 Rab8 31. Rxb8 Rxb8 32. Bxe6 fxe6 33. Bg5 Rb2 34. Be3 Qxd3 35. Qf6 Qxc4 36. Rd1 Rb8 37. Qxe5 Qb5 38. Qxe6+ Kg7 39. Rd7+ Kf8 40. Bh6# 1-0

[Event "Titled Tuesday intern op 03rd Jan Early"]
[Site "Chess.com INT"]
[Date "2023.01.03"]
[Round "1"]
[White "Thomas, Anysia"]
[Black "Graca, Robert"]
[Result "0-1"]
[WhiteElo "2174"]
[BlackElo "2270"]
[PlyCount "58"]
[EventDate "2023.01.03"]
[EventType "swiss (blitz)"]
[EventRounds "11"]
[EventCountry "USA"]
[SourceTitle "EXT 2024"]
[Source "ChessBase"]
[SourceDate "2023.10.10"]
[SourceVersion "1"]
[SourceVersionDate "2023.10.10"]
[SourceQuality "1"]

1. d4 Nf6 2. c4 a6 3. Nf3 c5 4. d5 b5 5. e4 Nxe4 6. cxb5 axb5 7. Nc3 Nxc3 8. bxc3 Ba6 9. Be2 d6 10. 0-0 g6 11. Rb1 Qa5 12. Bg5 Bg7 13. Re1 Ra7 14. Bd3 Bxc3 15. Re4 b4 16. Qe2 f6 17. Bh6 Bxd3 18. Qxd3 Nd7 19. Rbe1 Ne5 20. Nxe5 Bxe5 21. Kh1 Qa6 22. Qh3 f5 23. R4e3 Qc4 24. f4 Bf6 25. Bg5 Bxg5 26. fxg5 0-0 27. Qh6 Qxd5 28. h3 e5 29. h4 Rxa2 0-1

[Event "Titled Tuesday intern op 27th Dec Early"]
[Site "Chess.com INT"]
[Date "2022.12.27"]
[Round "3"]
[White "Graca, Robert"]
[Black "Ardila, Oscar Humberto"]
[Result "1-0"]
[WhiteElo "2270"]
[BlackElo "1997"]
[PlyCount "105"]
[EventDate "2022.12.27"]
[EventType "swiss (blitz)"]
[EventRounds "11"]
[EventCountry "USA"]
[SourceTitle "EXT 2024"]
[Source "ChessBase"]
[SourceDate "2023.10.10"]
[SourceVersion "1"]
[SourceVersionDate "2023.10.10"]
[SourceQuality "1"]

1. Nf3 Nf6 2. c4 g6 3. Nc3 Bg7 4. e4 d6 5. d4 0-0 6. Be2 Bg4 7. Ng1 Bxe2 8. Ngxe2 Nbd7 9. 0-0 c6 10. f3 Qc7 11. Be3 e5 12. d5 cxd5 13. cxd5 a6 14. Rc1 Qa5 15. Qd2 Rac8 16. Rc2 Nh5 17. a3 f5 18. Ra1 fxe4 19. fxe4 Nf4 20. b4 Nxe2+ 21. Nxe2 Rxc2 22. Qxc2 Qb5 23. Rc1 Nf6 24. Bg5 Ng4 25. h3 Bh6 26. Bxh6 Nxh6 27. Nc3 Qc4 28. Qe2 Rc8 29. Qxc4 Rxc4 30. Kf2 Nf7 31. Ke3 Ng5 32. Kd3 Rd4+ 33. Ke3 a5 34. h4 axb4 35. axb4 Nf7 36. Rb1 g5 37. g3 gxh4 38. gxh4 Kg7 39. Nb5 Kh6 40. Nxd4 exd4+ 41. Kxd4 Kh5 42. Rf1 Ne5 43. Rf6 Kxh4 44. Rh6+ Kg5 45. Rxh7 Nf3+ 46. Ke3 Ne5 47. Rxb7 Kf6 48. Ra7 Nc4+ 49. Kd4 Nd2 50. b5 Nb3+ 51. Kc4 Nc5 52. b6 Nxe4 53. b7 1-0

[Event "Titled Tuesday intern op 07th Sept"]
[Site "Chess.com INT"]
[Date "2021.09.07"]
[Round "6"]
[White "Maly, Alexey"]
[Black "Graca, Robert"]
[Result "1-0"]
[WhiteElo "2368"]
[BlackElo "2270"]
[PlyCount "63"]
[EventDate "2021.09.07"]
[EventType "swiss (blitz)"]
[EventRounds "11"]
[EventCountry "USA"]
[SourceTitle "EXT 2022"]
[Source "ChessBase"]
[SourceDate "2021.10.06"]
[SourceVersion "1"]
[SourceVersionDate "2021.10.06"]
[SourceQuality "1"]

1. d4 Nf6 2. c4 a6 3. e3 c5 4. Nf3 g6 5. b3 Bg7 6. Bb2 0-0 7. Nbd2 cxd4 8. Nxd4 d5 9. cxd5 Nxd5 10. Be2 Nd7 11. 0-0 N7f6 12. Rc1 Bd7 13. Nc4 b5 14. Ne5 Rc8 15. Bf3 e6 16. Qe2 Qe7 17. Nxd7 Qxd7 18. g3 Rxc1 19. Rxc1 Rc8 20. Rd1 Qa7 21. a4 bxa4 22. bxa4 Rb8 23. Ba1 h5 24. Nc6 Qc7 25. Nxb8 Qxb8 26. Qxa6 Nb4 27. Qb5 Qxb5 28. axb5 Nfd5 29. Bxg7 Kxg7 30. Bxd5 exd5 31. Rb1 Nd3 32. b6 1-0

[Event "Paris Universities-ch"]
[Site "Paris"]
[Date "2019.02.03"]
[Round "8"]
[White "Sochacki, Christophe"]
[Black "Graca, Robert"]
[Result "1-0"]
[WhiteElo "2482"]
[BlackElo "2270"]
[PlyCount "83"]
[EventDate "2019.02.01"]
[EventType "swiss"]
[EventRounds "9"]
[EventCountry "FRA"]
[SourceTitle "CBM 188 Extra"]
[Source "ChessBase"]
[SourceDate "2019.02.26"]
[SourceVersion "1"]
[SourceVersionDate "2019.02.26"]
[SourceQuality "1"]

1. e4 c5 2. Nf3 d6 3. d4 cxd4 4. Nxd4 Nf6 5. Nc3 g6 6. Be3 Bg7 7. f3 0-0 8. Qd2 Nc6 9. Bc4 Bd7 10. 0-0-0 Rc8 11. Bb3 Nxd4 12. Bxd4 a5 13. a4 b5 14. Nxb5 Bxb5 15. axb5 a4 16. Ba2 Ne8 17. Bxg7 Nxg7 18. Qb4 Qb6 19. Kb1 Rc5 20. Rd5 Ne6 21. Qxa4 Rc7 22. Qa6 Qf2 23. b6 Rxc2 24. Qb5 Rb8 25. Qb3 Rc6 26. b7 Rb6 27. Rd2 Rxb3 28. Rxf2 R3xb7 29. Bxe6 fxe6 30. Rc1 Kf7 31. Rc3 Kf6 32. Ka2 Ke5 33. Rfc2 Kf6 34. Ra3 h5 35. b3 g5 36. Rc3 Ke5 37. Ra5+ Kd4 38. Kb2 d5 39. Kc2 dxe4 40. Rxg5 exf3 41. gxf3 Rb5 42. Rd3# 1-0

[Event "FRA-ch U20"]
[Site "Nimes"]
[Date "2012.04.18"]
[Round "6"]
[White "Graca, Robert"]
[Black "Buscara, Sevan"]
[Result "0-1"]
[WhiteElo "2246"]
[BlackElo "2318"]
[PlyCount "44"]
[EventDate "2012.04.14"]
[EventType "swiss"]
[EventRounds "9"]
[EventCountry "FRA"]
[SourceTitle "CBM 148 Extra"]
[Source "ChessBase"]
[SourceDate "2012.06.22"]
[SourceVersion "1"]
[SourceVersionDate "2012.06.22"]
[SourceQuality "1"]

1. Nf3 Nf6 2. c4 e6 3. Nc3 Bb4 4. g4 0-0 5. g5 Ne8 6. Qb3 c5 7. d4 b6 8. d5 Nd6 9. Bf4 Ne4 10. Bg2 exd5 11. cxd5 Ba6 12. Qc2 Re8 13. Be3 f5 14. 0-0 Bxc3 15. bxc3 Bc4 16. Rfd1 d6 17. h4 Na6 18. Bh3 g6 19. Bf4 Nc7 20. e3 Nxd5 21. Bh2 Ndxc3 22. Rxd6 Qe7 0-1

[Event "FRA-chT2 0910"]
[Site "France"]
[Date "2010.01.24"]
[Round "7.2"]
[White "Graca, Robert"]
[Black "Marie, Maxime"]
[Result "1-0"]
[WhiteElo "2217"]
[BlackElo "2247"]
[PlyCount "101"]
[EventDate "2009.09.27"]
[EventType "team-tourn"]
[EventRounds "11"]
[EventCountry "FRA"]
[SourceTitle "EXT 2011"]
[Source "ChessBase"]
[SourceDate "2010.11.26"]
[SourceVersion "1"]
[SourceVersionDate "2010.11.26"]
[SourceQuality "1"]

1. Nf3 Nf6 2. c4 g6 3. Nc3 Bg7 4. e4 d6 5. d4 Nbd7 6. Be2 e5 7. 0-0 0-0 8. Be3 Re8 9. d5 a5 10. Nd2 Nc5 11. a3 Nfd7 12. b4 axb4 13. axb4 Rxa1 14. Qxa1 Na6 15. Rb1 f5 16. f3 Bf6 17. Nb5 Bg5 18. Qa3 f4 19. Bf2 Bh4 20. Bxh4 Qxh4 21. Na7 Qe7 22. Qa5 Ndb8 23. Nxc8 Rxc8 24. Nb3 c5 25. dxc6 bxc6 26. c5 Nc7 27. cxd6 Qxd6 28. Rd1 Qe7 29. Bc4+ Kg7 30. Nc5 Kh6 31. Nb7 Nb5 32. Nd8 Nd7 33. Nxc6 Rxc6 34. Qxb5 Rd6 35. Rb1 Rd2 36. Qb7 Qg5 37. Bf1 Nf6 38. Qe7 Qh4 39. Qxe5 Qf2+ 40. Kh1 Nh5 41. Qc5 Qh4 42. Qf8+ Ng7 43. b5 Rd8 44. Qc5 Ne6 45. Qc3 Qf2 46. Qf6 Rd6 47. Qe5 Rb6 48. Qb2 Qe3 49. Qc1 Qd4 50. Bc4 Kg5 51. h4+ 1-0

[Event "POL-chT U19 1st League"]
[Site "Chotowa"]
[Date "2009.07.??"]
[Round "8"]
[White "Graca, Robert"]
[Black "Klekowski, Maciej"]
[Result "0-1"]
[WhiteElo "2183"]
[BlackElo "2292"]
[PlyCount "62"]
[EventDate "2009.07.06"]
[EventType "team-tourn"]
[EventRounds "9"]
[EventCountry "POL"]
[SourceTitle "EXT 2012"]
[Source "ChessBase"]
[SourceDate "2011.11.24"]
[SourceVersion "1"]
[SourceVersionDate "2011.11.24"]
[SourceQuality "1"]
[WhiteTeam "Suwalki UMKS Jacwiez U19"]
[BlackTeam "Czestochowa UKS Hetman U19"]
[WhiteTeamCountry "POL"]
[BlackTeamCountry "POL"]

1. Nf3 c5 2. c4 Nc6 3. d4 cxd4 4. Nxd4 g6 5. e4 Bg7 6. Be3 Nf6 7. Nc3 Ng4 8. Qxg4 Nxd4 9. Qd1 Ne6 10. Rc1 0-0 11. Be2 d6 12. 0-0 Nc5 13. f3 Be6 14. b4 Nd7 15. Qb3 a5 16. a3 axb4 17. axb4 Qb8 18. Nd5 Bxd5 19. exd5 b6 20. Rfe1 Qb7 21. f4 Ra7 22. Bf3 Rc8 23. Bf2 Bf6 24. Qd1 Ra2 25. c5 bxc5 26. bxc5 Qa7 27. Re2 Rxe2 28. Qxe2 Nxc5 29. Bxc5 dxc5 30. d6 Rd8 31. dxe7 Bxe7 0-1

[Event "POL-chT U19 1st League"]
[Site "Chotowa"]
[Date "2009.07.??"]
[Round "6"]
[White "Graca, Robert"]
[Black "Strzemiecki, Zbigniew"]
[Result "0-1"]
[WhiteElo "2183"]
[BlackElo "2314"]
[PlyCount "56"]
[EventDate "2009.07.06"]
[EventType "team-tourn"]
[EventRounds "9"]
[EventCountry "POL"]
[SourceTitle "EXT 2012"]
[Source "ChessBase"]
[SourceDate "2011.11.24"]
[SourceVersion "1"]
[SourceVersionDate "2011.11.24"]
[SourceQuality "1"]
[WhiteTeam "Suwalki UMKS Jacwiez U19"]
[BlackTeam "Warszawa Polonia U19"]
[WhiteTeamCountry "POL"]
[BlackTeamCountry "POL"]

1. Nf3 Nf6 2. c4 c5 3. Nc3 d5 4. cxd5 Nxd5 5. d4 g6 6. dxc5 Nxc3 7. Qxd8+ Kxd8 8. bxc3 Bg7 9. Nd4 a6 10. e4 Nd7 11. Ba3 Kc7 12. Be2 e5 13. Nb3 a5 14. Rd1 Nf6 15. f3 Be6 16. 0-0 Bf8 17. Nd2 Nd7 18. Nc4 Bxc5+ 19. Bxc5 Nxc5 20. Nxe5 Bxa2 21. c4 Rhf8 22. Rd5 b6 23. Ra1 Bb3 24. Bd1 a4 25. Rd2 f6 26. Nd3 Rad8 27. Nxc5 Rxd2 28. Ne6+ Kb7 0-1

[Event "FRA-ch U18"]
[Site "Aix les Bains"]
[Date "2009.04.20"]
[Round "2"]
[White "Graca, Robert"]
[Black "Vidal, Llewellyn"]
[Result "1-0"]
[WhiteElo "2170"]
[BlackElo "1909"]
[PlyCount "109"]
[EventDate "2009.04.19"]
[EventType "swiss"]
[EventRounds "9"]
[EventCountry "FRA"]
[SourceTitle "CBM 130 Extra"]
[Source "ChessBase"]
[SourceDate "2009.07.02"]
[SourceVersion "2"]
[SourceVersionDate "2009.07.15"]
[SourceQuality "1"]

1. Nf3 Nf6 2. c4 b6 3. g3 Bb7 4. Bg2 e6 5. 0-0 Be7 6. d4 0-0 7. d5 Qc8 8. Nc3 d6 9. e4 e5 10. Ne1 a5 11. Nd3 Na6 12. Qe2 Nd7 13. Be3 Bf6 14. a3 Nac5 15. Nxc5 bxc5 16. a4 Nb6 17. Nb5 Rd8 18. Rfd1 Nd7 19. Bh3 Qb8 20. Ra3 Nb6 21. Bd2 c6 22. dxc6 Bxc6 23. Bc3 Be7 24. f3 Qb7 25. Be1 g6 26. Kf2 Ra6 27. Qc2 Raa8 28. Rad3 Bd7 29. Bxd7 Qxd7 30. b3 Ra6 31. Nxd6 Bxd6 32. Rxd6 Qxd6 33. Rxd6 Rxd6 34. Bc3 f6 35. Ke3 Nd7 36. f4 Kg7 37. Qb2 exf4+ 38. gxf4 Ra8 39. e5 Re8 40. Bxa5 fxe5 41. Bc3 Rde6 42. fxe5 Nb8 43. Ke4 Nc6 44. Kd5 Kf7 45. a5 Nb4+ 46. Bxb4 cxb4 47. Kc5 Rxe5+ 48. Kxb4 Rf5 49. Ka4 Re4 50. Qd2 Rf6 51. Qd5+ Ree6 52. b4 Rf5 53. Qd7+ Re7 54. Qc8 Rf2 55. Qb8 1-0

[Event "FRA-chT1A 0809"]
[Site "France"]
[Date "2008.10.19"]
[Round "1.7"]
[White "Graca, Robert"]
[Black "Heinz, Timothee"]
[Result "0-1"]
[WhiteElo "2113"]
[BlackElo "2295"]
[PlyCount "54"]
[EventDate "2008.10.19"]
[EventType "team-tourn"]
[EventRounds "11"]
[EventCountry "FRA"]
[SourceTitle "EXT 2010"]
[Source "ChessBase"]
[SourceDate "2010.11.25"]
[SourceVersion "1"]
[SourceVersionDate "2010.11.25"]
[SourceQuality "1"]
[WhiteTeam "Creteil"]
[BlackTeam "Bischwiller"]
[WhiteTeamCountry "FRA"]
[BlackTeamCountry "FRA"]

1. Nf3 Nf6 2. c4 c5 3. Nc3 d5 4. cxd5 Nxd5 5. d4 e6 6. e4 Nxc3 7. bxc3 cxd4 8. cxd4 Bb4+ 9. Bd2 Bxd2+ 10. Qxd2 0-0 11. Bc4 Nc6 12. 0-0 b6 13. Rad1 Bb7 14. Rfe1 Rc8 15. Qf4 Na5 16. Bd3 Nc4 17. Re2 b5 18. d5 exd5 19. exd5 g6 20. Qh6 Qxd5 21. Bxc4 Qxd1+ 22. Re1 Qxe1+ 23. Nxe1 bxc4 24. f3 c3 25. Nc2 Rfd8 26. Qc1 Rd2 27. h4 h5 0-1

[Event "Poznan op-A 17th"]
[Site "Poznan"]
[Date "2008.07.21"]
[Round "3"]
[White "Przybylski, Wojciech"]
[Black "Graca, Robert"]
[Result "1-0"]
[WhiteElo "2363"]
[BlackElo "2104"]
[PlyCount "93"]
[EventDate "2008.07.19"]
[EventType "swiss"]
[EventRounds "9"]
[EventCountry "POL"]
[SourceTitle "EXT 2009"]
[Source "ChessBase"]
[SourceDate "2008.11.26"]
[SourceVersion "1"]
[SourceVersionDate "2008.11.26"]
[SourceQuality "1"]

1. e4 c5 2. Nf3 d6 3. d4 cxd4 4. Nxd4 Nf6 5. Nc3 Nc6 6. Bg5 Bd7 7. Qd2 Rc8 8. 0-0-0 Nxd4 9. Qxd4 Qa5 10. Bd2 a6 11. f3 e5 12. Qd3 Be6 13. a3 Qc7 14. g4 Be7 15. g5 Nd7 16. Nd5 Bxd5 17. exd5 Nc5 18. Qc4 b5 19. Qc3 f5 20. Kb1 0-0 21. h4 Qb7 22. Be3 Ne4 23. Qe1 Nc5 24. Bh3 Qc7 25. f4 Ne4 26. Rh2 a5 27. Bc1 g6 28. h5 Rf7 29. hxg6 hxg6 30. Bxf5 gxf5 31. Qh1 Bxg5 32. fxg5 Rh7 33. g6 Rxh2 34. Qxh2 Nf6 35. Rh1 Qg7 36. Qf2 f4 37. Qg2 Re8 38. Bd2 a4 39. Bb4 e4 40. Bxd6 f3 41. Qg3 Nxd5 42. Rh7 Qd4 43. Rh1 b4 44. Qh3 Qg7 45. Qf5 Ne3 46. Qg5 bxa3 47. Bxa3 1-0

[Event "FRA-ch U16"]
[Site "La Roche sur Yon"]
[Date "2008.04.22"]
[Round "4"]
[White "Graca, Robert"]
[Black "Samoun, Florent"]
[Result "1/2-1/2"]
[WhiteElo "2103"]
[BlackElo "1987"]
[PlyCount "113"]
[EventDate "2008.04.21"]
[EventType "swiss"]
[EventRounds "9"]
[EventCountry "FRA"]
[SourceTitle "EXT 2010"]
[Source "ChessBase"]
[SourceDate "2010.11.25"]
[SourceVersion "1"]
[SourceVersionDate "2010.11.25"]
[SourceQuality "1"]

1. d4 d5 2. c4 c6 3. cxd5 cxd5 4. Nf3 Nf6 5. Nc3 Nc6 6. Ne5 Qb6 7. Nxc6 bxc6 8. g3 Bf5 9. Bg2 e6 10. 0-0 Be7 11. b3 0-0 12. Bb2 Rac8 13. Rc1 Rfe8 14. e3 Bg6 15. Qe2 Nd7 16. Rfd1 c5 17. Na4 Qb8 18. dxc5 Nxc5 19. Nxc5 Rxc5 20. Rxc5 Bxc5 21. Rc1 Bb6 22. Qb5 Rc8 23. Rc6 Qb7 24. Rc3 h6 25. Qb4 Rxc3 26. Qxc3 f6 27. Bh3 Kf7 28. Qb4 Qc6 29. Ba3 Kg8 30. Qe7 Bf5 31. Bxf5 exf5 32. h4 Kh7 33. Qf7 Bc5 34. Bb2 Qd6 35. h5 d4 36. Qg6+ Kh8 37. Qe8+ Kh7 38. Qg6+ Kh8 39. Bxd4 Bxd4 40. exd4 Qxd4 41. Qxf5 Qa1+ 42. Kg2 Qxa2 43. b4 Qa4 44. Qc5 Qd7 45. b5 Kg8 46. Qc6 Qd4 47. Qe8+ Kh7 48. f3 Qd2+ 49. Kh3 Qa5 50. Qc6 Qa1 51. Qe4+ Kh8 52. Kg4 Qa5 53. Qe8+ Kh7 54. Qe4+ Kh8 55. Qd5 Kh7 56. Kf5 a6 57. Qe4 1/2-1/2